000 00666nam a22001937a 4500
005 20211109112153.0
008 211109b mx ||||| |||| 00| 0 spa d
020 _a9786071659002
050 0 4 _aLC92.M6
_bO76 2018
100 1 _aOrnelas, Carlos
245 _aLa contienda por la educación
_b : globalización, neocorporativismo y democracia
_c/ Carlos Ornelas
250 _a1a ed.
260 _aCiudad de México :
_bFondo de Cultura Económica,
_c2018
300 _a437 p. ;
_c23 cm.
490 0 _aEducación y pedagogía
650 7 _2lemb
_aEducación y Estado
_xHistoria
_zMéxico
650 7 _2lemb
_aEducación
_xEvaluación
_zMéxico
942 _2lcc
_cLIB
999 _c158716
_d158714